Идентификация технического состояния теплоэнергетического оборудования

Bibliografiske detaljer
Andre forfattere: Владов Ю. Р., Кушнаренко В. М., Кандыба Н. Е., Степанов Е. П., Владова А. Ю.
Summary:В книге изложены теоретические и практические вопросы автоматизированной идентификации технического состояния и оценки остаточного ресурса теплоэнергетического оборудования на основе предложенных агрегированных моделей. Рекомендована Ученым советом ОГУ для специалистов, занимающихся диагностикой и эксплуатацией теплоэнергетического оборудования, а также для научных работников, преподавателей, аспирантов и студентов высших учебных заведений.
Sprog:russisk
Udgivet: Оренбург, Изд-во ГОУ ОГУ, 2004
Fag:
Format: MixedMaterials Bog
KOHA link:https://koha.lib.tpu.ru/cgi-bin/koha/opac-detail.pl?biblionumber=168552

MARC

LEADER 00000nam0a2200000 4500
001 168552
005 20231101222752.0
010 |a 5741005098 
035 |a (RuTPU)RU\TPU\book\182866 
090 |a 168552 
100 |a 20091029d2004 km y0rusy50 ca 
101 0 |a rus 
102 |a RU 
105 |a a z 001zy 
200 1 |a Идентификация технического состояния теплоэнергетического оборудования  |f Ю. Р. Владов [и др.] 
210 |a Оренбург  |c Изд-во ГОУ ОГУ  |d 2004 
215 |a 201 с.  |c ил. 
320 |a Библиогр.: с. 201. 
330 |a В книге изложены теоретические и практические вопросы автоматизированной идентификации технического состояния и оценки остаточного ресурса теплоэнергетического оборудования на основе предложенных агрегированных моделей. Рекомендована Ученым советом ОГУ для специалистов, занимающихся диагностикой и эксплуатацией теплоэнергетического оборудования, а также для научных работников, преподавателей, аспирантов и студентов высших учебных заведений. 
606 1 |a Теплоэнергетическое оборудование  |2 stltpush  |3 (RuTPU)RU\TPU\subj\59832  |9 77329 
610 1 |a теплоэнергетика 
610 1 |a ТЭС 
610 1 |a тепловые электростанции 
610 1 |a техническое состояние 
610 1 |a электрические станции 
610 1 |a котлы 
610 1 |a паронагреватели 
610 1 |a эксплуатация 
610 1 |a эквивалентная температура 
610 1 |a номограммы 
610 1 |a металл 
610 1 |a повреждения 
610 1 |a идентификация 
610 1 |a эффективность 
675 |a 621.1.002.5  |v 3 
701 1 |a Владов  |b Ю. Р. 
701 1 |a Кушнаренко  |b В. М. 
701 1 |a Кандыба  |b Н. Е. 
701 1 |a Степанов  |b Е. П. 
701 1 |a Владова  |b А. Ю. 
801 1 |a RU  |b 63413507  |c 20091029 
801 2 |a RU  |b 63413507  |c 20091109  |g RCR 
942 |c BK